Представление документа в формате MARC21

Поле Инд. ПП Название Значение
Тип записи a
Библиографический уровень b
001 Контрольный номер RU/IS/BASE/385742669
005 Дата корректировки 20200522191518.1
008 Кодируемые данные 20120322
084 a Индекс другой классификации/Индекс ББК 65.291.592в
100 1_ a Автор Гусев С.
100 1_ a Автор Васильев Д.
245 a Заглавие Планирование цепей поставок на основе нечеткой сетевой модели
504 a Библиография Библиогр.
520 a Аннотация Рассматриваются общие подходы сетевого планирования и возможности использования его в проектировании цепей поставок. Обсуждаются вопросы проектирования цепей поставок с использованием нечеткой сетевой модели. Изложены теоретические положения арифметических операций с нечеткими числами интервального вида. Проведены расчеты исследуемого сетевого графа в четком и нечетком видах. Определены основные показатели сетевого графа. Приведена процедура нормализации с получением коэффициентов напряженности.
650 a Основная рубрика логистика
a Основная рубрика экономика
a Основная рубрика экономика предприятия
653 a Ключевые слова логистическое управление
a Ключевые слова материально-техническое снабжение
a Ключевые слова планирование
a Ключевые слова проектирование
a Ключевые слова производственная логистика
a Ключевые слова сетевые графы
a Ключевые слова теория логистики
a Ключевые слова управление цепями поставок
a Ключевые слова цепи поставок
773 t Заглавие источника РИСК: ресурсы, информация, снабжение, конкуренция
d Дата издания источника 2011
g Прочая информация № 4. - С. 97 - 101 : рис., табл., расчет.
w Контрольный № источника RU/IS/BASE/384345860
901 t Тип документа b